Trends in the development of telecommunications technology
Сохранить в:
| Главный автор: | |
|---|---|
| Формат: | |
| Язык: | Undetermined |
| Опубликовано: |
Tokyo
Nippon Electric Company
1977
|
| Предметы: | |
| Метки: |
Добавить метку
Нет меток, Требуется 1-ая метка записи!
|
| Thư viện lưu trữ: | Trung tâm Học liệu Trường Đại học Cần Thơ |
|---|
| LEADER | 00507nam a2200181Ia 4500 | ||
|---|---|---|---|
| 001 | CTU_96353 | ||
| 008 | 210402s9999 xx 000 0 und d | ||
| 082 | |a 621.38 | ||
| 082 | |b K75 | ||
| 100 | |a Koji, Kobayashi | ||
| 245 | 0 | |a Trends in the development of telecommunications technology | |
| 245 | 0 | |c Koji Kobayashi | |
| 260 | |a Tokyo | ||
| 260 | |b Nippon Electric Company | ||
| 260 | |c 1977 | ||
| 650 | |a Telecommunication | ||
| 904 | |i Hiếu | ||
| 980 | |a Trung tâm Học liệu Trường Đại học Cần Thơ | ||